000 01057cam a22002054a 4500
005 20250605164128.0
008 250528s ||||||||||||||||||||||||d
035 _a18537
020 _a333727975
040 _aGR-AtMCL
_bgre
_dGR-AtMCL
_eAACR2
245 1 _aEssential Quantitative Methods / For Business, Management and Finance
260 _c1998
300 _a300
520 _aThis book covers the major topics likely to be taught on a quantitative method course and is written in a concise but student-friendly style. Preface, Revision Mathematics, Index Numbers, Investment Appraisal, Sampling Methods, Presentation of Data, Summarizing Data, Probability and Decision-Making, The Normal Distribution, Analysis and Interpretation of Sample Data, Testing a Hypothesis, Correlation and Regression, Time Series Analysis, Linear Programming, Critical Path Analysis, Inventory Control, Simulation, Appendices, Index.
700 1 _aOakshott Les
_93753
942 _cBK
710 2 _aMacmillan Business
_99714
999 _c3892
_d3892